000 00788nam a2200193Ii 4500
003 JO-AjNU
008 230605s9999||||xx |||||||||||||| ||und||
040 _aJO-AjNU
_bara
_erda
_cJO-AjNU
041 _aara
050 1 4 _aDS154.55.G42 1990
100 3 _aالزبن، عدنان ساري، م.مشارك الجلابنه، مصطفى طلال,
_eauthor
_920438
245 0 0 _aالأطفال وفتيان الثورة العربية الكبرى الحسين بن علي أمير المؤمنيين وملك العرب
264 3 1 _aد.م: د.ن، 1990
300 _a96ص
336 _atext
_btxt
_2rdacontent
337 _aunmediated
_bn
_2rdamedia
338 _avolume
_bnc
_2rdacarrier
650 4 _aالثورة العربية الكبرر- الحسين بن علي - تاريخ
_920439
999 _aA6927
_c10495
_d10495